000 00873pam a2200277 a 4500
001 652758
003 NUST - PNEC
005 20170116181139.0
008 940601s1995 njua 001 0 eng
010 _a 94021048
020 _a0131376470
040 _aDLC
_cLIBRARY
_dDLC
050 0 0 _aTJ1185
_b.M224 1995
082 0 0 _a621.802 KIB
_220
100 _914539
_a Kibbe, Richard R
245 0 0 _aMachine tool practices /
_cRichard R. Kibbe ... [et al.].
250 _a5th ed.
260 _aEnglewood Cliffs, N.J. :
_bPrentice Hall,
_cc1995.
300 _axiii, 864 p. :
_bill. ;
_c29 cm.
500 _aIncludes index.
650 0 _aMachine-tools.
_xME
650 0 _aMachine-shop practice.
700 1 _aKibbe, Richard R.
942 _2ddc
_cBK
999 _c70415
_d70415